[Event "ISR-ch Open 2018"]
[Site "Ma'alot-Tarshih"]
[Date "2018.12.20"]
[Round "9"]
[White "Zhizmer, Yuri"]
[Black "Mindlin, Alon"]
[Result "1-0"]
[WhiteElo "2326"]
[BlackElo "2472"]
[Annotator "TA"]
[PlyCount "87"]
[EventDate "2018.12.12"]
[EventType "swiss"]
[EventCountry "ISR"]
[SourceTitle "playchess.com"]
[Source "ChessBase"]
[SourceQuality "1"]

{[%evp 10,87,0,0,27,25,32,22,18,7,16,-39,-39,-36,-19,-27,-26,-93,-25,-25,-25,-9,-18,-25,-22,-22,-25,-21,16,0,0,0,0,-4,0,-12,-11,-24,-24,-17,-25,-25,-16,-48,0,0,0,0,0,0,69,77,107,113,190,196,195,195,283,287,270,279,280,253,339,331,331,329,565,560,545,543,607,591,855,842,29988,29989,29987,29988]} 1. d4 Nf6 2. Nf3 d5 3. e3 g6 4. Bd3 Bg7 5. O-O O-O 6. Nbd2 {LiveBook: 76 Games} Bg4 {D04: Colle System} (6... b6 7. Qe2 Bb7 8. c3 Nbd7 9. Ne5 c5 10. f4 Ne4 11. Nxe4 dxe4 12. Ba6 Bxa6 13. Qxa6 Nf6 14. Qb7 e6 15. a4 {0-1 (37) Akbaev,K (2475)-Lagno,K (2542) Khanty-Mansiysk 2013}) 7. h3 Bxf3 8. Nxf3 c5 {The position is equal.} 9. c3 Nbd7 10. b4 $146 (10. b3 $11) ({Predecessor:} 10. Re1 Rc8 11. Bc2 b5 12. Nd2 a5 13. dxc5 Nxc5 14. Nb3 Nxb3 15. Bxb3 {0-1 (32) Berghold,L (1389)-Zhukovskyi,O (1649) Pardubice 2018}) 10... c4 $15 11. Bc2 Qc7 12. a4 a6 13. b5 (13. Ba3 $11 {keeps the balance.}) 13... Ne4 (13... axb5 $17 14. Ba3 Ne4 15. Bxe7 Nxc3) 14. bxa6 $11 Rxa6 15. Bxe4 $1 dxe4 16. Nd2 $1 Qc6 17. Ba3 Re8 18. Bb4 Nb6 19. Qe2 e5 20. d5 Nxd5 {Strongly threatening ...Rc8.} 21. Qxc4 Rd8 22. Qxc6 Rxc6 23. Rfd1 Nxb4 24. cxb4 Rcd6 25. Ra2 Bf8 26. Rb2 Rd5 27. Kf1 f5 28. Ke2 Rd3 29. a5 h5 ({Better is} 29... Ra3 $11) 30. b5 $1 $14 Ba3 {[#]} 31. Rbb1 $1 Rc8 (31... Ra8 $16 {was necessary.}) 32. a6 $18 bxa6 33. bxa6 {a7 is the strong threat.} Ra8 (33... Bf8 $142) 34. Rb6 Rd6 35. Rxd6 Bxd6 {[%mdl 4096] Endgame [#] KRB-KRN} 36. Nc4 $1 Bb4 37. Rb1 (37. Nxe5 Rxa6 38. f4 Bc3 $15) 37... Bc5 38. Rb5 (38. Nxe5 Rxa6 39. Rb5 Be7 $11) 38... Bxe3 $2 (38... Be7 39. Rb7 (39. Rxe5 Kf7 $16) (39. Nxe5 Rxa6 40. Rb7 Ra2+ 41. Kf1 Bf6 $11) 39... Bc5) 39. Kxe3 Rxa6 40. Nxe5 {KRN-KR} Kg7 41. Kf4 Ra2 42. Kg5 Rxf2 43. Rb7+ Kg8 44. Nxg6 {Accuracy: White = 73%, Black = 43%.} 1-0

[Event "ISR-ch Open 2018"]
[Site "Ma'alot-Tarshih"]
[Date "2018.12.20"]
[Round "9"]
[White "Mordechai, Hanan"]
[Black "Galburd, Yan"]
[Result "0-1"]
[WhiteElo "2310"]
[BlackElo "2382"]
[Annotator "TA"]
[PlyCount "54"]
[EventDate "2018.12.12"]
[EventType "swiss"]
[EventCountry "ISR"]
[SourceTitle "playchess.com"]
[Source "ChessBase"]
[SourceQuality "1"]

{[%evp 16,54,26,4,13,-10,29,15,31,8,16,-4,-4,-25,-4,-12,-9,-57,-18,-52,-41,-117,-127,-202,-194,-237,-241,-231,-217,-370,-361,-489,-491,-483,-468,-1016,-397,-368,-373,-602,-494]} 1. e4 e6 2. d4 d5 3. Nc3 {[%cal Bb1c3,Bc3b5,Bb5d4][%mdl 32]} Bb4 4. e5 c5 5. a3 Ba5 6. b4 cxd4 7. Nb5 Bc7 8. f4 Bd7 9. Nxd4 {LiveBook: 18 Games. C18: French: 3 Nc3 Bb4: Main line: 7 h4 and 7 Qg4} Nc6 10. Ngf3 Rc8 $146 ({Predecessor:} 10... Nge7 11. c3 O-O 12. Bd3 f6 13. exf6 Rxf6 14. O-O h6 15. g3 e5 16. fxe5 Nxe5 17. Nxe5 Rxf1+ 18. Qxf1 Bxe5 {0-1 (72) Bruzon Batista,L (2659)-Ivanchuk,V (2726) Berlin 2015}) 11. Bb2 {White has an edge.} Nge7 12. Bd3 Nxd4 13. Nxd4 Bb6 14. O-O g6 15. Kh1 Ba4 16. g4 Nc6 $36 {[%mdl 2048] Black is pushing.} (16... Rc4 $5 17. Bxc4 dxc4 $11) 17. Nf3 h5 18. gxh5 ({Better is} 18. g5 $1 $15) 18... Rxh5 $17 19. Rc1 (19. Qd2 $17 {might work better.}) 19... Be3 $19 20. Rb1 Bxf4 21. Qe2 Qc7 22. Rbe1 $2 {[#]} (22. Rf2 {is a better defense.}) 22... d4 $1 {[%mdl 512]} 23. Bb5 (23. Bxd4 Nxd4) 23... Bxb5 24. Qxb5 a6 25. Qc5 (25. Qa4 $142 Bxe5 26. Re2) 25... Nxe5 $2 (25... b6 26. Qc4 Qb7) 26. Qxc7 Rxc7 27. Nxe5 $2 {[#]} (27. Nxd4 Bxh2 28. Kg2) 27... Bxe5 {Accuracy: White =  9%, Black = 64%.} 0-1

[Event "ISR-ch Open 2018"]
[Site "Ma'alot-Tarshih"]
[Date "2018.12.20"]
[Round "9"]
[White "Taichman, Ori"]
[Black "Libman, Guy"]
[Result "1-0"]
[WhiteElo "2303"]
[BlackElo "2299"]
[Annotator "TA"]
[PlyCount "83"]
[EventDate "2018.12.12"]
[EventType "swiss"]
[EventCountry "ISR"]
[SourceTitle "playchess.com"]
[Source "ChessBase"]
[SourceQuality "1"]

{[%evp 19,83,16,28,0,0,0,0,0,0,-31,0,-28,-11,-28,-10,-7,-12,-30,-2,-22,27,-16,6,4,18,39,25,24,55,38,131,74,131,132,132,125,137,117,139,138,118,134,109,121,135,122,129,99,362,352,348,360,368,359,355,364,341,347,2069,2060,1171,1137,1088,1000,743,735]} 1. e4 e5 2. Nf3 Nc6 3. Bb5 a6 4. Bxc6 dxc6 5. O-O Qf6 6. d4 {C68: Ruy Lopez: Exchange Variation, sidelines} exd4 7. Bg5 Qd6 8. Nxd4 Bd7 9. Nc3 (9. c3 Ne7 10. Nd2 O-O-O 11. Kh1 Qg6 12. Be3 f5 13. f3 c5 {½-½ (73) Duda,J (2737)-Karjakin,S (2773) chess.com INT 2018}) 9... Be7 10. Bxe7 Nxe7 {LiveBook: 71 Games} 11. f4 (11. Nde2 {seems wilder.} O-O-O 12. Qc1 Qc5 13. a3 Kb8 14. Nf4) 11... O-O-O 12. Nb3 Qxd1 13. Raxd1 b6 14. Rd2 $146 Ng6 15. g3 f6 16. Rfd1 h5 17. Kg2 Rhe8 18. Nd4 c5 19. Nf3 Re7 20. f5 Nh8 21. e5 fxe5 22. Nd5 $1 $36 {[%cal Rd5e7][%mdl 2048] White has some pressure.} Ree8 23. f6 gxf6 24. Nxf6 {[%mdl 64] Double Attack} Re7 ({Black should try} 24... Bc6 $1 $14 25. Nxe8 Rxe8) 25. Nxe5 ({Don't take} 25. Nxd7 $6 Rexd7 26. Rxd7 Rxd7 $14) (25. Rxd7 $142 Rexd7 26. Rxd7 (26. Nxd7 Nf7 $11) 26... Rxd7 27. Nxd7 Kxd7 28. Nxe5+ Ke6 29. Nd3) 25... Bh3+ (25... Rxe5 $142 26. Nxd7 Ree8) 26. Kxh3 $16 Rxd2 27. Rxd2 Rxe5 {[%mdl 4096] Endgame KRN-KRN} 28. Rd5 Re2 29. Rxh5 Nf7 30. g4 Rxc2 31. g5 {Black must now prevent g6.} Ne5 32. Ng4 Ng6 33. Rh6 Nf4+ $2 {[%mdl 8192] [#]} (33... Ne7 $16 {was necessary.}) 34. Kg3 $1 $18 {[%cal Rg3f4]} Ne2+ 35. Kh4 {Strongly threatening Rf6.} Nd4 36. Rf6 {g6 is the strong threat.} Kd7 37. g6 Ne6 38. Kg3 Rxb2 $2 (38... Rc1 39. g7 Rg1+ 40. Kf3 Nxg7) 39. Ne5+ {White is clearly winning.} Ke7 {[#]} 40. Rxe6+ $1 {[%mdl 576] Promotion} Kxe6 41. g7 Kxe5 42. g8=Q {Accuracy: White = 61%, Black = 39%.} 1-0

[Event "ISR-ch Open 2018"]
[Site "Ma'alot-Tarshih"]
[Date "2018.12.20"]
[Round "9"]
[White "Frenkel, Ran"]
[Black "Gleizer, Mark"]
[Result "1-0"]
[WhiteElo "2252"]
[BlackElo "2186"]
[Annotator "TA"]
[PlyCount "53"]
[EventDate "2018.12.12"]
[EventType "swiss"]
[EventCountry "ISR"]
[SourceTitle "playchess.com"]
[Source "ChessBase"]
[SourceQuality "1"]

{[%evp 20,53,122,147,127,122,269,285,289,300,350,337,520,506,589,573,579,569,711,589,654,629,907,897,1320,1311,1250,1204,1538,1500,1695,1016,1472,1472,29989,1076]} 1. d4 d6 2. e4 Nf6 3. Nc3 e5 4. Nf3 Nbd7 5. Bc4 Be7 6. a4 a5 {C41: Philidor Defence} (6... O-O 7. O-O c6 8. Re1 b6 9. h3 a6 10. Ba2 Rb8 11. Be3 b5 12. axb5 axb5 13. b4 Bb7 14. Bb3 exd4 15. Nxd4 d5 16. exd5 Bxb4 17. Bd2 cxd5 18. Ncxb5 Bxd2 19. Qxd2 {½-½ (30) Kryvoruchko,Y (2705)-Laznicka,V (2671) Brest 2018}) 7. Ng5 O-O 8. Bxf7+ Rxf7 9. Ne6 Qe8 10. Nxc7 Qd8 11. Nxa8 {LiveBook: 7 Games. And now Be3 would win.} b6 12. Nb5 $1 {Nac7 is the strong threat.} Nxe4 (12... Ne8 $16) 13. O-O $1 $18 Bb7 14. Nac7 Bh4 $146 {[%cal Rh4f2]} ({Predecessor:} 14... exd4) 15. f3 Ng3 (15... Bf2+ {keeps fighting.} 16. Rxf2 Nxf2 17. Kxf2 e4) 16. Ne6 ({Don't blunder} 16. hxg3 $2 Bxg3 17. Rf2 Qh4 $19) 16... Qe7 17. hxg3 Bxg3 {Hoping for ...Qh4.} 18. Ng5 Rf5 19. Nh3 Rh5 20. Qe2 Nf8 21. f4 {[%cal Bf3f4,Bf4f5,Bf5e6][%mdl 32]} Qh4 22. Nxd6 {White threatens Qc4+ and mate.} Bd5 23. dxe5 Be6 24. f5 Qd4+ 25. Qe3 Qg4 26. fxe6 Rxe5 {[#]} 27. Qf3 (27. e7 $142 $1 Rxe7 28. Qxe7 Qd4+ 29. Be3 Qxe3+ 30. Qxe3 g6 {[#]} 31. Rxf8+ $1 {[%mdl 576] Back Rank, Clearance} Kxf8 32. Rf1+ Bf4 33. Rxf4+ Kg8 34. Qe8+ Kg7 35. Qf8#) 1-0

[Event "ISR-ch Open 2018"]
[Site "Ma'alot-Tarshih"]
[Date "2018.12.20"]
[Round "9"]
[White "Emanuel, Yahav"]
[Black "Drori, Saar"]
[Result "1-0"]
[WhiteElo "2221"]
[BlackElo "2419"]
[Annotator "TA"]
[PlyCount "91"]
[EventDate "2018.12.12"]
[EventType "swiss"]
[EventCountry "ISR"]
[SourceTitle "playchess.com"]
[Source "ChessBase"]
[SourceQuality "1"]

{[%evp 13,91,-2,-10,-42,7,-8,-22,-18,106,106,128,126,107,115,128,114,202,127,167,164,182,182,173,185,168,140,452,461,419,450,467,433,441,435,363,233,285,-25,574,360,347,68,53,55,60,66,59,69,68,67,71,67,67,59,63,33,242,237,236,236,237,238,238,232,248,241,390,391,387,339,454,455,690,672,594,406,369,341,341,341]} 1. e4 c5 2. Nc3 a6 3. a4 d6 4. f4 Nc6 5. Nf3 g6 {[%cal Bg7g6,Bg6f5][%mdl 32]} 6. Bc4 {B23: Closed Sicilian: Lines without g3} Bg7 7. O-O e6 {LiveBook: 7 Games} (7... Nf6 8. d3 O-O 9. Qe1 Nd4 10. Nxd4 cxd4 11. Nd1 d5 12. Bb3 dxe4 13. dxe4 Nd7 14. Nf2 Nc5 15. Bc4 Bd7 16. a5 Rc8 17. Qb4 {0-1 (42) Obregon Rivero,J (2526)-Gomez Garrido,C (2504) Panama City 2013}) 8. f5 {The position is equal.} gxf5 9. d3 Nge7 10. Ng5 Ne5 (10... d5 $1 $11 11. exd5 exd5) 11. Qh5 $16 {Black must now prevent Bxe6.} d5 $146 ({Predecessor:} 11... N7g6 12. exf5 exf5 13. g4 Nxc4 14. gxf5 {0-1 (21) Carvalho,A-Miranda,A Portugal 1994}) 12. exd5 exd5 {[#]} 13. Nxd5 $1 {[%mdl 512]} Nxd5 14. Re1 {[%csl Gg5][%cal Rh5f7]} Rf8 (14... Qd7 $16) 15. Nf3 Ne7 16. Nxe5 {[%cal Rc4f7]} Qd4+ 17. Be3 $1 {[%cal Re3d4]} Qxe5 18. Bg5 $36 {[%mdl 2048] White is really pushing.} Qd4+ 19. Kh1 Bf6 $2 {[%mdl 8192] [#]} (19... Be5 $16 {is a better chance.}) 20. c3 $1 $18 {[%cal Rc3d4]} (20. Qh6 $2 Bxg5 21. Qxg5 Qd6 $17) 20... Qd6 21. Bh6 Rh8 {Threatening ...Kd8.} 22. Qxf7+ Kd8 {[#]} 23. Bf4 $1 {[%mdl 512]} Qc6 (23... Qxf4 24. Qxf6) 24. Re2 {And now Rae1 would win.} Bd7 {[#]} 25. Rae1 $2 (25. Be6 $1 $18 Bh4 26. d4) 25... Ng6 $2 {[%mdl 8192]} (25... Be8 $11 {and Black stays safe.} 26. Qe6 Qxe6 27. Rxe6 Ng6 28. Rd6+ Kc8 29. Rxf6 Nxf4) 26. Re6 Rf8 27. Rxc6 $2 (27. Qxh7 $18 Bxe6 28. Rxe6 Qxg2+ 29. Kxg2 Nxf4+ 30. Kh1 Nxe6 31. Bxe6) 27... Rxf7 $14 28. Rxf6 $1 {[%mdl 64] Remove Defender} Rxf6 29. Bg5 Kc7 30. Bxf6 Bxa4 31. Kg1 Bc6 32. h4 {[%cal Bh2h4,Bh4h5][%mdl 32]} b5 33. Ba2 {Strongly threatening h5.} Rf8 34. Bg7 Rd8 $2 (34... Re8 $14 35. Rxe8 Bxe8) 35. h5 $18 Rd7 36. Bf6 Rxd3 37. hxg6 hxg6 38. Bg5 Kb6 39. Kf2 b4 (39... Be4 $142 40. Bb1 Rd5 41. Bxe4 fxe4) 40. Bc4 Rd7 41. Re7 Rd1 42. cxb4 Rb1 (42... Rd4 $142 43. b3 f4) 43. b3 Rb2+ 44. Re2 Rxe2+ 45. Bxe2 cxb4 46. Bd8+ {Accuracy: White = 58%, Black = 39%.} 1-0

[Event "ISR-ch Open 2018"]
[Site "Ma'alot-Tarshih"]
[Date "2018.12.20"]
[Round "9"]
[White "Gershkowich, David"]
[Black "Lukin, Elisha"]
[Result "1-0"]
[WhiteElo "2193"]
[BlackElo "2280"]
[Annotator "TA"]
[PlyCount "67"]
[EventDate "2018.12.12"]
[EventType "swiss"]
[EventCountry "ISR"]
[SourceTitle "playchess.com"]
[Source "ChessBase"]
[SourceQuality "1"]

{[%evp 23,67,0,0,0,0,0,0,0,0,-4,-7,-10,0,0,38,47,18,-36,0,0,7,2,70,62,84,68,178,173,201,195,206,179,164,26,49,29,666,661,1220,1215,1425,1420,1287,1224,1219,1209]} 1. e4 e6 2. d4 d5 3. Nc3 Bb4 4. e5 c5 5. a3 Bxc3+ 6. bxc3 Qa5 7. Bd2 Qa4 8. Qg4 Kf8 9. Qd1 {C18: French: 3 Nc3 Bb4: Main line: 7 h4 and 7 Qg4} (9. h4 Nc6 10. h5 h6 11. Qd1 cxd4 12. Nf3 dxc3 13. Bxc3 g5 14. hxg6 Qe4+ 15. Be2 Qxg6 16. Qd2 Nge7 17. Bd3 Qxg2 18. Ke2 Qg4 19. Rh4 Qg7 20. Rg1 Ng6 21. Rf4 Nce7 22. Bb4 a5 23. Rxg6 {1-0 (23) Caruana,F (2804)-Lenderman,A (2599) Saint Louis 2018}) 9... b6 10. c4 Nc6 11. Nf3 dxc4 12. dxc5 Nge7 {LiveBook: 4 Games} 13. Be2 $146 ({Predecessor:} 13. cxb6 axb6 14. Be2 Nd5 15. O-O Ba6 16. Bb4+ Kg8 {1-0 (41) Al Modiahki,M (2549)-Fedoseev,V (2662) Dubai 2014}) 13... Nd5 14. O-O c3 15. Be3 Ba6 16. cxb6 axb6 17. Rb1 Rd8 18. Qe1 Qa5 19. Bxa6 Qxa6 20. Bg5 (20. Ng5 $11) 20... Rd7 21. Qe4 h6 22. Be3 {With the idea Rxb6!} Rc7 (22... g6 $11) 23. h4 {[%cal Bh2h4,Bh4h5][%mdl 32]} Ke7 24. h5 Rd8 {[#]} ({Black should play} 24... Rcc8 $1 $14) 25. Qh7 $1 $36 {[%cal Rh7g7][%mdl 2048] White has strong initiative.} Kd7 26. Qxg7 Kc8 27. Qxh6 Qa4 28. Qg5 (28. Bxb6 $18 Nxb6 29. Rxb6) 28... Qxc2 $11 29. Bxb6 Rb7 $2 {[%mdl 8192]} (29... Nxb6 $11 30. Rxb6 Rd1 31. Qg8+ Nd8) 30. Rbc1 $18 {White is clearly winning.} Qd3 31. Bxd8 Nxd8 32. Rfd1 Qc4 {[#]} 33. Rxc3 $1 {[%mdl 576] Clearance} Qxc3 34. Rc1 {Accuracy: White = 59%, Black = 33%.} 1-0

[Event "ISR-ch Open 2018"]
[Site "Ma'alot-Tarshih"]
[Date "2018.12.20"]
[Round "9"]
[White "Kupervaser, Erez"]
[Black "Chernomordik, Pavel"]
[Result "1-0"]
[WhiteElo "2168"]
[BlackElo "2277"]
[Annotator "TA"]
[PlyCount "75"]
[EventDate "2018.12.12"]
[EventType "swiss"]
[EventCountry "ISR"]
[SourceTitle "playchess.com"]
[Source "ChessBase"]
[SourceQuality "1"]

{[%evp 17,75,46,73,69,66,35,77,53,51,27,17,0,0,0,0,0,0,0,8,0,10,0,0,0,33,36,19,24,16,-14,-6,-84,-92,-102,17,0,85,84,74,85,175,148,337,329,424,428,328,220,612,218,218,193,802,690,655,552,1040,1026,29992,29993]} 1. e4 g6 2. d4 Bg7 3. Nc3 a6 4. Be3 b5 5. Qd2 Bb7 6. f3 {B06: Modern Defence} d6 7. O-O-O Nd7 8. h4 {[%cal Bh2h4,Bh4h5][%mdl 32]} h6 9. Kb1 Nb6 {LiveBook: 3 Games} (9... Ngf6 10. Nge2 b4 11. Na4 a5 12. Ng3 h5 13. b3 Bc6 {1-0 (60) Fedorchuk,S (2648)-Almasi,Z (2682) Riadh 2017}) 10. a3 e6 $146 ({Predecessor:} 10... Nf6 11. Nh3 Nfd7 12. Nf4 Rc8 13. Be2 c5 14. dxc5 Nxc5 {1-0 (33) Dimitrov,A (2317)-Yalcin,O (1871) Kesan 2017}) 11. Nh3 Ne7 12. Nf2 Qd7 13. h5 g5 14. f4 gxf4 15. Bxf4 f5 16. Rg1 O-O-O 17. g4 {Hoping for gxf5.} fxe4 18. Nfxe4 Rdf8 19. Qh2 Ned5 $36 {[%mdl 2048] Black has the initiative.} 20. Bc1 b4 21. axb4 Nxb4 22. g5 Kb8 23. gxh6 Bxh6 24. Rg6 (24. Bxh6 $11 Rxh6 25. Rg6) 24... Bxc1 $17 25. Rxc1 ({Avoid the trap} 25. Kxc1 $2 Bxe4 26. Nxe4 Qa4 $19) 25... Rf5 (25... Bxe4 $17 26. Nxe4 Qa4) 26. h6 Na4 (26... Qe8 $11 27. Qg3 Bxe4 28. Nxe4 Rf3 29. Qxf3 Qxg6) 27. Rg7 $16 Nxc3+ 28. Nxc3 Qe8 {[#]} (28... Rf7 $16) 29. Be2 $1 $18 Ra5 $2 (29... Nc6 $16) 30. Rcg1 {[%cal Bc1g1,Bg1g7,Bg7g8][%mdl 32]} Be4 {[#]} 31. Bd1 $1 (31. Nxe4 {gets mated.} Qa4 32. Rg8+ Ka7 33. Ra8+ Rxa8 34. h7 Qxc2#) 31... Bh7 32. Qf2 Rf8 $2 (32... Bf5 33. Qg2 e5) 33. Qh4 $2 (33. Qe2) 33... Rh8 34. Re7 Qc6 $2 (34... Qf8 35. Rxe6 Qf7) 35. Rgg7 Bf5 36. h7 Nd5 37. Nxd5 Qa4 38. Rg8+ {[%mdl 64] Double Attack. Accuracy: White = 48%, Black = 34%.} 1-0